Statistics for 2019 Top 10 NBA Forwards

Click here to take the quiz!

General Stats

  • This quiz has been taken 50 times
    (21 since last reset)
  • The average score is 7 of 10

Answer Stats

RankPlayer% Correct
2Kevin Durant
100%
1LeBron James
100%
3Kawhi Leonard
94%
4Giannis Antetokounmpo
78%
5Paul George
78%
8Blake Griffin
56%
7Jimmy Butler
56%
6Draymond Green
39%
9LaMarcus Aldridge
33%
10Kristaps Porzingis
22%

Score Distribution

Percentile by Number Answered

Percent of People with Each Score

Your Score History

You have not taken this quiz since the last reset